Podnikanie na slovenskom realitnom trhu

Formovanie trhu s nehnuteľnosťami v SR - história. Subjekty podnikania pre realitnú činnosť. Dynamika pridanej hodnoty a priemerného počtu zamestnaných osôb v sektore – činnosti v oblasti nehnuteľností v SR, v rokoch 2000 – 2013 v percentách. Činnosti v oblasti nehnuteľnosti sú podmienené vedomostno...

ver descrição completa

Na minha lista:
Detalhes bibliográficos
Autor principal: Nemcová, Daniela, 1963-
Formato: Capítulo de Livro
Idioma:eslovaco
Assuntos:
Tags: Adicionar Tag
Sem tags, seja o primeiro a adicionar uma tag!

MARC

LEADER 00000nla a2200000 4500
001 0207779
005 20240502073444.8
041 0 |a slo 
044 |a SK 
245 1 0 |a Podnikanie na slovenskom realitnom trhu  |c Daniela Nemcová 
520 |a Formovanie trhu s nehnuteľnosťami v SR - história. Subjekty podnikania pre realitnú činnosť. Dynamika pridanej hodnoty a priemerného počtu zamestnaných osôb v sektore – činnosti v oblasti nehnuteľností v SR, v rokoch 2000 – 2013 v percentách. Činnosti v oblasti nehnuteľnosti sú podmienené vedomostnou úrovňou pracovníkov. 
610 2 0 |a trh realitný 
610 2 0 |a Slovensko 
100 1 |a Nemcová, Daniela, 1963-